000 00561nam a22002057a 4500
005 20260515115051.0
008 250228b |||||||| |||| 00| 0 eng d
020 _a9789358498028
040 _aIN-DiNC
_cIN-DiNC
041 _dasm
082 _a351
_bDAS
100 _aDas, Deepan
_eauthor
245 _aLoka prashasanar parichay (Major6)/
_cby Deepan Das and Jitu Borah
250 _a1st ed.
260 _aDibrugarh:
_bBanalata,
_c2024.
300 _a248p.
650 _aPublic administration (Major6)
700 _aBorah, Jitu
_eauthor
942 _2ddc
_cBK
999 _c12064
_d12064